Music Quiz

Random Music Quiz
Score 0/300 Timer 10:00
0 Plays Today
% Correct
to
100%
I
100%
I
100%
to
100%
I
100%
a
100%
I
100%
to
100%
a
100%
I
100%
to.
100%
I
100%
to
100%
I
100%
to
100%
to
100%
I
100%
I
100%
to
100%
I
100%
in
94.7%
was
94.7%
was
94.7%
in
94.7%
was
94.7%
in
94.7%
in
94.7%
in
94.7%
was
94.7%
in
94.7%
was
94.7%
was
94.7%
in
94.7%
was
94.7%
in
94.7%
was
94.7%
was
94.7%
in
94.7%
my
89.5%
me.
89.5%
my
89.5%
me
89.5%
we
89.5%
My
89.5%
me
89.5%
me.
89.5%
we
89.5%
We
89.5%
We
89.5%
we
89.5%
We
89.5%
My
89.5%
me
89.5%
we
89.5%
we
89.5%
We
89.5%
me
89.5%
me
89.5%
We
89.5%
We
89.5%
we
89.5%
We
89.5%
My
89.5%
me
89.5%
me
89.5%
We
89.5%
on
84.2%
and
84.2%
be
84.2%
you
84.2%
the
84.2%
outfield.
84.2%
And
84.2%
you
84.2%
were
84.2%
be
84.2%
were
84.2%
on
84.2%
And
84.2%
you
84.2%
were
84.2%
out
84.2%
And
84.2%
You
84.2%
the
84.2%
You
84.2%
the
84.2%
were
84.2%
the
84.2%
and
84.2%
the
84.2%
were
84.2%
the
84.2%
not
84.2%
the
84.2%
the
84.2%
outfield
84.2%
too.
84.2%
the
84.2%
you.
84.2%
% Correct
the
84.2%
outfield
84.2%
too.
84.2%
and
84.2%
you
84.2%
you
84.2%
you
84.2%
we're
84.2%
you
84.2%
on
84.2%
were
84.2%
the
84.2%
and
84.2%
were
84.2%
the
84.2%
not
84.2%
the
84.2%
the
84.2%
outfield
84.2%
too.
84.2%
the
84.2%
you.
84.2%
the
84.2%
outfield
84.2%
too.
84.2%
on
84.2%
It
78.9%
so
78.9%
it
78.9%
So
78.9%
who
73.7%
All
73.7%
of
73.7%
all
73.7%
love
73.7%
life
73.7%
all
73.7%
that
73.7%
love
73.7%
life
73.7%
that
73.7%
that
73.7%
true
68.4%
now.
68.4%
Now
68.4%
say.
68.4%
day
68.4%
your
68.4%
Now
68.4%
say.
68.4%
young
68.4%
broken
68.4%
You're
68.4%
only
68.4%
one
68.4%
used.
68.4%
true.
68.4%
say
68.4%
say
68.4%
can
68.4%
can
68.4%
can
68.4%
say
68.4%
say
68.4%
say
68.4%
say
68.4%
we'll
68.4%
we'll
68.4%
young
68.4%
broken
68.4%
You're
68.4%
only
68.4%
one
68.4%
used.
68.4%
true.
68.4%
we'll
68.4%
go.
63.2%
at
63.2%
there.
63.2%
see
63.2%
am
63.2%
about
63.2%
needed
63.2%
friend.
63.2%
there.
63.2%
About
63.2%
they
63.2%
that's
63.2%
leading
63.2%
go.
63.2%
don't
63.2%
as
63.2%
as
63.2%
they
63.2%
that's
63.2%
leading
63.2%
get
57.9%
up
57.9%
Waiting
57.9%
tell
57.9%
% Correct
know
57.9%
always
57.9%
thinking
57.9%
lean
57.9%
Somewhere
57.9%
youth.
57.9%
somewhere
57.9%
tell
57.9%
Tell
57.9%
youth.
57.9%
tell
57.9%
Come
52.6%
Another
52.6%
you'd
52.6%
you'd
52.6%
Stuck
52.6%
you'd
52.6%
down.
52.6%
wanted
52.6%
such
52.6%
stuck
52.6%
dreaming.
52.6%
hopeless.
52.6%
found
52.6%
live
52.6%
forever.
52.6%
If
52.6%
if
52.6%
Come
52.6%
live
52.6%
forever.
52.6%
live
52.6%
forever.
52.6%
hopeless.
52.6%
found
52.6%
Come
52.6%
live
52.6%
forever.
52.6%
found
52.6%
Running
47.4%
falling
47.4%
next
47.4%
face
47.4%
new.
47.4%
will
47.4%
story.
42.1%
through
42.1%
name.
42.1%
someone
42.1%
else.
42.1%
both
42.1%
school.
42.1%
both
42.1%
California.
42.1%
light
42.1%
between.
42.1%
both
42.1%
Somehow
42.1%
redemption.
42.1%
would
42.1%
long
42.1%
Somehow
42.1%
redemption.
42.1%
redemption.
42.1%
painful.
36.8%
parents
36.8%
wreck.
36.8%
Just
36.8%
stay?
36.8%
together.
36.8%
stay?
36.8%
airports.
31.6%
stations.
31.6%
Hoping
31.6%
Wanting
31.6%
Hoping
31.6%
Hoping
31.6%
notice.
31.6%
dragging
31.6%
asleep
31.6%
helped
31.6%
darkness
31.6%
space
31.6%
leave.
31.6%
drive
31.6%
mind
31.6%
shine
26.3%
felt
26.3%
give
26.3%
felt
26.3%
issues
21.1%
Whatcha
21.1%
whatcha
21.1%
whatcha
21.1%
whatcha
21.1%
Runaway
15.8%
Runaway
15.8%
runaway.
15.8%
runaway
15.8%
f***ing
5.3%
Remove Ads.
Support Sporcle.
Get the best of Sporcle when you Go Orange. This ad-free experience offers more features, more stats, and more fun while also helping to support Sporcle. Thank you for becoming a member.

You're not logged in!

Compare scores with friends on all Sporcle quizzes.
OR
Log In

Show Comments

Extras

Top Quizzes Today


Score Distribution

Your Account Isn't Verified!

In order to create a playlist on Sporcle, you need to verify the email address you used during registration. Go to your Sporcle Settings to finish the process.

Report this User

Report this user for behavior that violates our Community Guidelines.

Details: